Rosa Portogallo 2016 - Statistics

Statistiche generali
  • Questo quiz è stato fatto 83 volte
  • Il punteggio medio è 9 su 23
Statistiche sulle risposte
Ruolo Club dell'epoca Calciatore % Corretto
Attaccante Real Madrid Cristiano Ronaldo
99%
Real Madrid Pepe
87%
Portiere Sporting Lisbona Rui Patrício
87%
Lilla Éder
76%
Beşiktaş Ricardo Quaresma
64%
Centrocampista Monaco João Moutinho
61%
Olympique Lione Anthony Lopes
54%
Southampton José Fonte
49%
Fenerbahçe Nani
48%
Benfica Renato Sanches
45%
Sporting Lisbona João Mário
39%
Lorient Raphael Guerreiro
37%
Porto Danilo Pereira
36%
Valencia André Gomes
30%
Southampton Cèdric Soares
24%
DIfensore Fenerbahçe Bruno Alves
19%
Sporting Lisbona William Carvalho
19%
Monaco Ricardo Carvalho
12%
Sporting Braga Rafa Silva
10%
Sporting Lisbona Adrien Silva
6%
Dinamo Zagabria Eduardo
6%
Wolfsburg Vierinha
6%
Benfica Eliseu
4%
Nessun quiz corrispondente trovato
Distribuzione punteggi
Percentuale di utenti per punteggio
Percentile per numero di risposta
I tuoi punteggi nel tempo
Non hai fatto questo quiz